| 000 | 00442nam a2200169Ia 4500 | ||
|---|---|---|---|
| 008 | 230524s9999 xx 000 0 und d | ||
| 082 |
_a610.32 _bBER |
||
| 100 |
_aRobert M.Berne _923711 |
||
| 245 | 0 | _aPhysiology | |
| 250 | _a5TH | ||
| 260 |
_aNEW DELHI _bElsevier _c2003 |
||
| 300 | _aX;920 | ||
| 500 | _aQuantity Number: 1 | ||
| 650 | _aBiomedical | ||
| 700 |
_a" Matthew N.Levy,Bruce M.Koeppan,Bruce A.Stanton,," _923712 |
||
| 942 | _cBK | ||
| 999 |
_c35252 _d35252 |
||